Las revoluciones europeas, 1492-1992

Guardat en:
Dades bibliogràfiques
Autor principal: Tilly, Charles (Autor)
Format: Llibre
Idioma:espanyol
Publicat: Barcelona Crítica 1995
Col·lecció:La Construcción de Europa
Matèries:
Etiquetes: Afegir etiqueta
Sense etiquetes, Sigues el primer a etiquetar aquest registre!

MARC

LEADER 00000nam a2200000 a 4500
001 UCU1283
003 CL-VaPUC
008 960404e19950000SP |||||||||||||||||spa|d
082 0 4 |a 321.094  |b TIL  |2 21 
100 0 |a Tilly, Charles  |e author  |9 356912 
245 1 4 |a Las revoluciones europeas, 1492-1992 
300 |a 319 p 
942 |c BK 
945 |d 19960404 00:00:00  |a rbrito 
260 |a Barcelona  |b Crítica  |c 1995 
650 7 |a CONFLICTO POLITICO  |2 CL-VaPUC  |9 344341 
650 7 |a REVOLUCION  |2 CL-VaPUC  |9 338298 
650 0 |a Ciencias Políticas  |9 255201 
650 0 |a Procesos sociales  |9 337802 
650 0 |a Problemas sociales  |9 258537 
650 0 |a Movimientos revolucionarios  |9 349711 
650 0 |a Historia  |9 255047 
650 0 |a Guerra civil  |9 320243 
651 0 |a Europa  |9 255156 
583 |a last modification  |c 19960404 00:00:00  |k Rodrigo Vera 
490 0 |a La Construcción de Europa 
999 |c 245953  |d 245951 
952 |0 0  |1 0  |4 0  |6 321_094000000000000_TIL_1995  |7 0  |8 A  |9 260609  |a BIBHIS  |b BIBHIS  |d 2019-11-19  |i 318420K  |l 1  |o 321.094 TIL 1995  |p 318420K  |r 2025-01-20  |s 2024-06-24  |w 2019-11-19  |y BK  |k HIS